| 000 -LEADER |
| fixed length control field |
00538cam a2200217 4500 |
| 001 - CONTROL NUMBER |
| control field |
3617618 |
| 005 - DATE AND TIME OF LATEST TRANSACTION |
| control field |
20180110075136.0 |
| 008 - FIXED-LENGTH DATA ELEMENTS--GENERAL INFORMATION |
| fixed length control field |
720118t19711972maua b 001 0 eng |
| 010 ## - LIBRARY OF CONGRESS CONTROL NUMBER |
| LC control number |
73158210 |
| 020 ## - INTERNATIONAL STANDARD BOOK NUMBER |
| International Standard Book Number |
0395125995 |
| 040 ## - CATALOGING SOURCE |
| Original cataloging agency |
DLC |
| Transcribing agency |
DLC |
| Modifying agency |
DLC |
| 041 ## - LANGUAGE CODE |
| Language code of text/sound track or separate title |
eng |
| 080 ## - UNIVERSAL DECIMAL CLASSIFICATION NUMBER |
| Universal Decimal Classification number |
371 |
| 082 ## - DEWEY DECIMAL CLASSIFICATION NUMBER |
| Edition number |
371 KIR |
| 100 1# - Rafti |
| Rafti |
46 |
| 101 ## - Shkurtesa |
| Shkurtesa |
EDU |
| 245 10 - TITLE STATEMENT |
| Title |
Educating exceptional children |
| Statement of responsibility, etc |
[by] Samuel A. Kirk. |
| 504 ## - BIBLIOGRAPHY, ETC. NOTE |
| Bibliography, etc |
Includes bibliographies. |
| 906 ## - LOCAL DATA ELEMENT F, LDF (RLIN) |
| a |
7 |
| b |
cbc |
| c |
orignew |
| d |
2 |
| e |
ncip |
| f |
19 |
| g |
y-gencatlg |
| 942 ## - ADDED ENTRY ELEMENTS (KOHA) |
| Source of classification or shelving scheme |
|
| Item type |
Books |